Circulation Issues Issue to: Submit Returns Reserve List Transfers Patrons Search: Search Catalog Quick Search: Start search Cataloging Add MARC Acquisitions Authorities Serials Virtual Shelves Accounts and Reports Koha Administration System Administration System Preferences About Koha Logged in as: Tanveer Log Out Prophet Muhammad's Wives and Orientalists/ (Record no. 233161)
[ view plain ]
| 000 -LEADER | |
|---|---|
| fixed length control field | nam a22 7a 4500 |
| 003 - CONTROL NUMBER IDENTIFIER | |
| control field | Nust |
| 005 - DATE AND TIME OF LATEST TRANSACTION | |
| control field | 20170303121727.0 |
| 008 - FIXED-LENGTH DATA ELEMENTS--GENERAL INFORMATION | |
| fixed length control field | 170303b xxu||||| |||| 00| 0 eng d |
| 040 ## - CATALOGING SOURCE | |
| Transcribing agency | DLC |
| 082 ## - DEWEY DECIMAL CLASSIFICATION NUMBER | |
| Classification number | 297.6421 QUR |
| 245 ## - TITLE STATEMENT | |
| Title | Circulation Issues Issue to: Submit Returns Reserve List Transfers Patrons Search: Search Catalog Quick Search: Start search Cataloging Add MARC Acquisitions Authorities Serials Virtual Shelves Accounts and Reports Koha Administration System Administration System Preferences About Koha Logged in as: Tanveer Log Out Prophet Muhammad's Wives and Orientalists/ |
| Statement of responsibility, etc. | Qureshi, Zafar Ali |
| 260 ## - PUBLICATION, DISTRIBUTION, ETC. | |
| Place of publication, distribution, etc. | Lahore : |
| Name of publisher, distributor, etc. | Ferozsons, |
| 300 ## - PHYSICAL DESCRIPTION | |
| Extent | 175p. : |
| Dimensions | 23 cm |
| 942 ## - ADDED ENTRY ELEMENTS (KOHA) | |
| Source of classification or shelving scheme | |
| Koha item type | Book |
| Withdrawn status | Lost status | Source of classification or shelving scheme | Damaged status | Not for loan | Permanent Location | Current Location | Date acquired | Total Checkouts | Full call number | Barcode | Date last seen | Date last checked out | Price effective from | Koha item type |
|---|---|---|---|---|---|---|---|---|---|---|---|---|---|---|
| School of Civil and Environmental Engineering (SCEE) | School of Civil and Environmental Engineering (SCEE) | 03/03/2017 | 1 | 297.6421 QUR | NIT-7304 | 12/12/2022 | 12/12/2022 | 03/03/2017 | Book |
